| 000 | 00536nam a2200097Ia 4500 | ||
|---|---|---|---|
| 008 | 170517s9999 xx 000 0 und d | ||
| 245 | 4 | _aThe Ascent of Money | |
| 300 | _aProfessor Niall Ferguson examines the origins of the pillars of the world’s financial system, and how behind every great historical phenomenon – empires and republics, wars and revolutions – there lies a financial secret. Episode 1: Dreams of Avarice. From... | ||
| 650 | _xBusiness and Economics. | ||
| 856 | _uhttp://topdocumentaryfilms.com/the-ascent-of-money/ | ||
| 999 |
_c333302 _d333302 |
||